| 000 | 00452nam a2200169Ia 4500 | ||
|---|---|---|---|
| 008 | 240729s9999 xx 000 0 und d | ||
| 022 | _a2333-5084 | ||
| 245 | 0 | _aEarth and Space Science | |
| 260 | _aUnited States | ||
| 260 | _bAmerican Geophysical Union (AGU) | ||
| 650 | _a Astronomy | Science | ||
| 650 | _a Geology | ||
| 650 | _aScience | ||
| 856 | _uhttps://doaj.org/toc/0e7f14cd95dd4b5caceb5dd16747622b | ||
| 942 | _2ddc | ||
| 942 | _cDOAJEJ | ||
| 999 |
_c72532 _d72532 |
||
| 945 |
_a1 _bMadushi Gamage _c1 _dMadushi Gamage |
||